00445nam a2200145Ia 4500020001700000082001900017100002300036245007500059250000800134260003100142300001400173650003700187650004600224650002900270 a0-471-8558-8 aRR 004.03 DIC; aRosenberg, Jerry M 0aDictionary of computers, information processing and telecommunications a2nd aNew YorkbJohn Wileyc1987 axv, 734p. aTelecommunication - Dictionaries aElectronic data processing - Dictionaries aComputers - Dictionaries